00811nam a2200157Ia 450000100060000000800410000602000180004704100140006510000340007924000330011324501260014626000580027250002720033070000320060299900190063413211250715b |||||||| |||| 00| 0 spa d a84-493-1483-6 aspa \ eng aZolla, Elemire, [(1926-2002)] aLe meraviglie della natura aUna introducción a la alquimia : blas maravillas de la naturaleza / cpor Elémire Zolla; José María Pinto trad. aBarcelona : bPaidós Iberica; Marsilio Italia, 2003 aReferencias Bibliográficas de los fragmentos citados : Cancionero, Madrid Alianza, 1995, trad. de Ángel Crespo ; La Divina Comedia, Barcelona Planeta, 1990, trad. de Ángel Crespo ; Las Flores del Mla, Madrid, Alianza, 1997, trad. de Antonio Martínez Sarrión aI.Pinto, José Maria trad. c232982d232982